Statystyki dla Państwa posiadające na fladze kolor szary.

Kliknij tutaj aby rozwiązać quiz!

Ogólne statystyki

  • Ten quiz został rozwiązany 35 razy
  • Średni wynik to 4 z 10

Statystyki odpowiedzi

Państwo:% Poprawnych
Watykan
68%
Hiszpania
64%
Belize
50%
Ekwador
50%
San Marino
46%
Gwatemala
39%
Portugalia
39%
Dominikana
36%
Uganda
21%
Eswatini
11%

Rozkład punktacji

Percentyl według liczby udzielonych odpowiedzi

Procent ludzi z każdym wynikiem

Twoja historia wyników

Nie rozwiązałeś tego quizu